LEADER 01313nam a2200277 u 4500 001 000000038168 003 CaOOAMICUS 005 20070226113840.0 008 980421s1965 it u000 u ita u 035 $a10791342 040 $aPUL(R)$bita 100 1 $aGomez de Ayala, Alfredo.$0(OLS)http://pul/name/26817 245 10$aAspetti giuridici e teologici dell'obiezione di coscienza al servizio militare /$cAlfredo Gomez de Ayala. 260 $aMilano :$bGiuffrè,$c1965. 300 $a411 p. : ;$c24 cm 500 $aSul front.: Estratto da: Università degli Studi di Genova. Annali della Facoltà di Giurisprudenza. 504 $aBibliografia in nota. 650 4$aObiezione di coscienza.$0(OLS)http://pul/subject/9213 850 $aPUL 852 $aPUL$W1$xSL Diritto e Scienze Sociali 1$y4$m175 E 51$j52061$nBK-PRI$b $qStampati$B52061$CPULBib$Z2$F52061 $H $81 852 $aPUL$W1$xDP1 Fondo Ciprotti$y59$m1544 B 13$j52062$nBK-PRI$b $qFondi$B52062$CPULBib$Z2$F52062 $H $81 941 1 $a8 941 1 $a1 961 $aINV: Fondo Ciprotti 996 $6245$aAspetti giuridici e teologici dell'obiezione di coscienza al servizio militare$9(OLS)http://pul/title/51881 996 $6260$aMilano :$bGiuffrè$9(OLS)http://pul/publisher/48401 LEADER 01616nam a2200361 a 4500 001 000000168841 003 CaOOAMICUS 005 20180718093258.0 008 180718s2016 it u000 u ita r 020 $a978-88-6342-967-1* 032 $aLibriCat 040 $aPUL$bita 082 04$a342.001 100 1 $aFerrajoli, Luigi.$0(OLS)http://pul/name/39424 245 10$aDue modelli di costituzionalismo :$bun dialogo sul diritto e sui diritti /$cLuigi Ferrajoli, Juan Ruiz Manero ; prefazione di Dario Ippolito. 260 $aNapoli :$bEditoriale Scientifica,$c©2016. 300 $aXIV, 147 p. ;$c21 cm. 490 1 $aLogon Didonai. Testi ;$v07 504 $aBibliografia in nota. 650 4$aCostituzionalismo.$0(OLS)http://pul/subject/45603 650 4$aFilosofia del diritto.$0(OLS)http://pul/subject/620 700 1 $aRuiz Manero, Juan.$0(OLS)http://pul/name/108832 700 1 $aIppolito, Dario.$0(OLS)http://pul/name/108833 830 0$aLogon Didonai.$pTesti ;$v07.$0(OLS)http://pul/title/209372 850 $aPUL 852 $aPUL$W1$xSL Diritto e Scienze Sociali 3$y79$m342. 001 FERLU 2$j192246$qDDC 21$B196784$CPULBib$Z2$F196784 $H131203 $81 941 1 $a9 960 $aDiritto$xFilosofia$9620 996 $6020$a978-88-6342-967-1*$9(OLS)http://pul/number/164576 996 $6082$a342.001$9(OLS)http://pul/classification/3135 996 $6245$aDue modelli di costituzionalismo :$bun dialogo sul diritto e sui diritti$9(OLS)http://pul/title/209371 996 $6260$aNapoli :$bEditoriale Scientifica$9(OLS)http://pul/publisher/64720